| 000 | 00359nam a2200097Ia 4500 | ||
|---|---|---|---|
| 008 | 180412s9999||||xx |||||||||||||| ||und|| | ||
| 040 | _aAhmadu Bello University Library - Zaria | ||
| 100 | _aWORLD MEDICAL ASSOCIATION | ||
| 245 | 0 |
_aEducating tomorrow's doctors. proceedings of the fourth world conference on medical education. _cWorld Medical Association |
|
| 260 | _c1972 | ||
| 300 | _a134P. | ||
| 999 |
_c463 _d463 |
||